000 01669nam a22001817a 4500
003 OSt
005 20240508104017.0
008 240409s2020 ag ||||| |||| 00| p spa d
020 _a9789877710571
040 _cbesoc
100 1 _aAcosta, Raúl
_d1944-
_eautor
245 1 0 _aPajaritos populares :
_bPoemas del Bigote /
_cBigote Acosta
260 _aSanta Fe :
_b[s. n],
_c2020
300 _a58 p.
520 _a"Cuando un poeta nombra a los pájaros, el que vuela es él. Y desde arriba, libre, comparte su vuelo y nos lleva, como en un sueño, al mundo ideal. En un suspiro nos dirá que había primaveras sin nosotros, pero que todas son nuestras. Qué hay perfumes que se quedan, para siempre. Que el amor es sonrisa y llanto, es eterno y sin vueltas y en el lecho, los amantes tienen un horizonte diferente. El poeta es sólo eso. Vive en poesía y elegirá su idioma, invariablemente, hasta para decir lo insignificante. Nombrar una flor o una caricia, al silencio y a las penas, a la rutina y las cicatrices, al cabo a la vida, prueba que en los poemas no hay mentiras y que la belleza está en las palabras. El Bigote es un testigo fiel de los gestos de una generación de buscadores de belleza, de sus vivencias, sus verdades y mentiras. Conmueve, sacude, se pierde en un cabello, para volver en una multitud y después en un recuerdo, o en la esperanza. Raúl Emilio Acosta, de profesión poeta, desnuda su alma aquí, para que la comparemos con la nuestra, que es igual. Vamos a volar con él, subidos a la aventura del artista, para escapar hacia adelante, sin red.". [Nota del editor]
650 4 _aLiteratura argentina
_vPoesía
_ySiglo XXI
942 _2udc
_cOG
_n0
999 _c232
_d232